000 00638nam a2200193Ia 4500
003 GCL
008 140319s9999 xx 000 0 ara d
040 _aGCL /
_cGCL
082 0 4 _a811.2
_bا ك
100 1 _aاحمد الربيعى
245 1 0 _aكثير عزة : حياته وشعره /
_cاحمد الربيعى
300 _a274 ص
490 _aمكتبة الدراسات الادبية
_v0
650 0 4 _aالشعر العربى
650 0 4 _aالشعر العربى - تاريخ ونقد
650 0 4 _aكثير عزة
650 0 4 _aالشعر العربى - تاريخ ونقد - العصر الجاهلى
942 _2ddc
_cBK
999 _c39725
_d39725